Statistics for Smallest/Most Unknown countries in Europe

Click here to take the quiz!

General Stats

  • This quiz has been taken 386 times
    (357 since last reset)
  • The average score is 6 of 9

Answer Stats

Hint Answer % Correct
In between Spain and FranceAndorra
89%
Capital of the Catholic ChurchVatican City
89%
Other (above) country enveloped by the Italian StateSan Marino
83%
Independent French City-State on the MediteraneanMonaco
79%
Smallest Country of three, in BeneluxLuxembourg
75%
Former British colony, south of the Italian peninsula, capital is VallettaMalta
72%
regained independence in 2006, formerly part of Serbia and [name]Montenegro
60%
Landlocked in between Ukraine and RomaniaMoldova
52%
Well, another landlocked country in between two others, Austria and SwitzerlandLiechtenstein
51%

Score Distribution

Percentile by Number Answered

Percent of People with Each Score

Your Score History

You have not taken this quiz since the last reset